| 000 | 01037nam a2200325 i 4500 | ||
|---|---|---|---|
| 001 | 198461 | ||
| 003 | ES-MaACL | ||
| 005 | 20260617175544.0 | ||
| 007 | ta | ||
| 008 | 260617s2024 ag ||||| |||| 001 0 spa d | ||
| 020 | _a978-987-8456-76-8 | ||
| 040 |
_aES-MaACL _bspa _cES-MaACL _erda |
||
| 044 | _aag | ||
| 080 | _a821.134.2-14"19" | ||
| 100 | 1 |
_4aut _aRosa, Mariana _eaut _9243220 |
|
| 245 | 1 | 3 |
_aEl cruce / _cMariana Rosa |
| 264 | 1 |
_aRada Tilly : _bEspacio Hudson, _c2024 |
|
| 264 | 4 | _c©2024 | |
| 300 |
_a51 páginas ; _c22 cm |
||
| 336 |
_2rdacontent _aTexto |
||
| 337 |
_2rdamedia _asin mediación |
||
| 338 |
_2rdacarrier _avolumen |
||
| 500 | _aRegistro provisional | ||
| 500 | _aEjemplar firmado y dedicado por la autora | ||
| 655 | 4 |
_aPoesías _9176539 |
|
| 852 |
_aES-MaACL _cDES _jDB-234 _hDonación: Mariana Rosa _xEncuadernación rústica con solapas _gDedicatoria autógrafa de la autora |
||
| 942 |
_cMONOGRAFIA _n0 |
||
| 999 |
_c198461 _d198461 |
||